Comportamiento fluvial del Río Reventazón en crecientes (tramo Pascua-Santo Domingo)

Guardat en:
Dades bibliogràfiques
Autor principal: Espinoza Carvajal, Rolando
Format: Llibre
Publicat: [San José , Costa Rica] 1995
Matèries:
Etiquetes: Afegir etiqueta
Sense etiquetes, Sigues el primer a etiquetar aquest registre!

MARC

LEADER 00000nam a2200000Ia 4500
003 007742
005 20221231144252.0
008 140114s1995 cr a m 000 ||s d
040 |c cru CEDI 
090 |a TFG 3329 
100 |a Espinoza Carvajal, Rolando   |9 10652 
245 |a Comportamiento fluvial del Río Reventazón en crecientes (tramo Pascua-Santo Domingo) 
260 |c 1995  |a  [San José , Costa Rica] 
300 |a  v, [146] hojas : ilustraciones (alguna plegables)  
500 |a Proyecto de graduación (licenciatura en ingeniería civil)--Universidad de Costa Rica. Facultad de Ingeniería. Escuela de Ingeniería Civil 
650 |x HIDROLOGIA   |x RIO REVENTAZON (COSTA RICA)  |9 10653 
942 |c TFG 
999 |c 19358  |d 19358